Nettles - Ethel Cain (Lyrics) - Statistics

General Stats
  • This quiz has been taken 72 times
    65 since last reset
  • The average score is 332 of 374
Answer Stats
Answer % Correct
a
100%
i
100%
in
100%
the
100%
to
100%
"to
100%
up
100%
and
98%
grow
98%
me
98%
me"
98%
of
98%
race
98%
'til
98%
tomorrow
98%
we
98%
were
98%
where
98%
you
98%
blew
95%
do
95%
it
95%
on
95%
piece
95%
that
95%
today
95%
when
95%
who
95%
yesterday
95%
all
93%
i'll
93%
is
93%
plant
93%
but
90%
down
90%
for
90%
go
90%
look
90%
love
90%
no
90%
suffer
90%
tell
90%
think
90%
time
90%
was
90%
what
90%
doctors
88%
fight
88%
from
88%
like
88%
my
88%
not
88%
part
88%
pretty
88%
through
88%
until
88%
war
88%
with
88%
worry
88%
flew
86%
held
86%
lay
86%
missing
86%
they
86%
ugly
86%
wake
86%
wont
86%
won't
86%
you're
86%
after
83%
daylight
83%
did
83%
end
83%
gave
83%
have
83%
hospital
83%
it's
83%
i've
83%
made
83%
makes
83%
movies
83%
night
83%
own
83%
street
83%
tennessee
83%
us
83%
wasn't
83%
worth
83%
wouldn't
83%
anyone
81%
back
81%
blue
81%
boys
81%
brown
81%
cause
81%
difference
81%
eyes
81%
fool
81%
hard
81%
hurt
81%
inside
81%
just
81%
know
81%
myself
81%
never
81%
picture
81%
seen
81%
singing
81%
so
81%
wall
81%
way
81%
wedding
81%
you'll
81%
can
79%
close
79%
gardenias
79%
greenery
79%
hear
79%
news
79%
pray
79%
scared
79%
slowed
79%
trees
79%
wanna
79%
baby
76%
flicker
76%
lights
76%
looks
76%
room
76%
should
76%
stop
76%
sure
76%
that's
76%
them
76%
this
76%
tile
76%
watching
76%
bleed
74%
i'm
74%
passes
74%
stings
74%
wishing
74%
are
71%
half
71%
our
71%
put
71%
right
71%
say
71%
slower
71%
believe
69%
knowing
69%
low
69%
maybe
69%
two
67%
or
64%
lang
62%
auld
57%
suffering
57%
bend
55%
while
52%
lie
50%
warned
43%
sharpnel
29%
got
14%
No matching quizzes found
Score Distribution
Percent of People with Each Score
Percentile by Number Answered
Your Score History
You have not taken this quiz since the last reset